|
|
|
|
| LEADER |
01076nam a2200241 a 4500 |
| 001 |
15271614 |
| 008 |
120308s2008 caua 000 0 eng d |
| 010 |
|
|
|a 2008018383
|
| 020 |
|
|
|a 9781933952246 (alk. paper)
|
| 040 |
|
|
|a DLC
|c DLC
|d DLC
|d BD-DhAAL
|
| 082 |
0 |
0 |
|a 005.1/4
|2 22
|
| 100 |
1 |
|
|a McKay, Judy,
|d 1959-
|
| 245 |
1 |
4 |
|a The software test engineer's handbook :
|b a study guide for the ISTQB test analyst and technical test analyst advanced level certificates /
|c Judy McKay, Graham Bath.
|
| 260 |
|
|
|a Santa Barbara, CA :
|b Rocky Nook,
|c c2008.
|
| 300 |
|
|
|a xviii, 397 p. :
|b ill. ;
|c 24 cm.
|
| 541 |
1 |
|
|e 00024601
|
| 650 |
|
0 |
|a Computer software
|x Testing.
|
| 650 |
|
0 |
|a Electronic data processing personnel
|x Certification.
|
| 700 |
1 |
|
|a Bath, Graham,
|d 1954-
|
| 710 |
2 |
|
|a International Software Testing Qualifications Board.
|
| 852 |
1 |
|
|a Ayesha Abed Library
|j General shelf
|
| 999 |
|
|
|c 11947
|d 11947
|
| 952 |
|
|
|0 0
|1 0
|4 0
|6 005_140000000000000_MCK
|7 0
|9 19612
|a BRACUL
|b BRACUL
|c GEN
|d 2012-03-08
|e Trim Education
|g 4950.00
|l 1
|m 4
|o 005.14 MCK
|p 3010024601
|r 2024-02-05
|s 2024-01-04
|t 1
|w 2012-03-08
|y BK
|